Warrior Cats - Into the Wild - Statistics

General Stats
  • This quiz has been taken 909 times
  • The average score is 9 of 10
Answer Stats
Question Answer % Correct
What was Firepaw's kittypet name? Rusty
100%
True or false - Bluestar received a message from StarClan? False
97%
What is Firepaw's warrior name? Fireheart
95%
Who was Ravenpaw's mentor? Tigerclaw
93%
What is the clan word for a road? Thunderpath
92%
Who is the first ThunderClan cat Firepaw meets? Greypaw
88%
Where do the clans meet in peace every full moon? Fourtrees
87%
Who is Firepaw forced to care for as a punishment? Yellowfang
86%
Who was Firepaw's kittypet friend? Smudge
81%
Who killed Spottedleaf? Clawface
71%
No matching quizzes found
Score Distribution
Percent of People with Each Score
Percentile by Number Answered
Your Score History
You have not taken this quiz